000 00290nam a2200097Ia 4500
008 220120s9999||||xx |||||||||||||| ||und||
100 _aNIIT world class education
245 0 _aDB2 universal database programming fundamentals : CC 10 stud
260 _bNew Delhi
_c2001
300 _a1478p.
_b699
999 _c136628
_d136628